España Judicial (Registro nro. 102381)
[ vista simple ]
| 000 -LEADER | |
|---|---|
| campo de control de longitud fija | 00633nam a2200181 i 4500 |
| 001 - NÚMERO DE CONTROL | |
| campo de control | 102381 |
| 003 - IDENTIFICADOR DE NÚMERO DE CONTROL | |
| campo de control | ES-MaACL |
| 005 - FECHA Y HORA DE LA ÚLTIMA TRANSACCIÓN | |
| campo de control | 20230906183110.0 |
| 007 - CAMPO FIJO DE DESCRIPCIÓN FÍSICA--INFORMACIÓN GENERAL | |
| campo de control de longitud fija | t| |
| 008 - DATOS DE LONGITUD FIJA--INFORMACIÓN GENERAL | |
| campo de control de longitud fija | 051110q1957 sp ||||1| spa d |
| 100 1# - ENTRADA PRINCIPAL--NOMBRE DE PERSONA | |
| Nombre de persona | Mendizábal Allende, Rafael de. |
| 9 (RLIN) | 80222 |
| 245 10 - MENCIÓN DEL TÍTULO | |
| Título | España Judicial |
| Resto del título | : guia práctica para Tribunales y Juzgados / |
| Mención de responsabilidad, etc. | Rafael de Mendizábal Allende, Miguel López-Muñiz Goñi. |
| 260 ## - PUBLICACIÓN, DISTRIBUCIÓN, ETC. | |
| Lugar de publicación, distribución, etc. | Madrid : |
| Nombre del editor, distribuidor, etc. | Gesta, |
| Fecha de publicación, distribución, etc. | [1957?] |
| 300 ## - DESCRIPCIÓN FÍSICA | |
| Extensión | 808 p., 3 h. ; |
| Dimensiones | 20 cm. |
| 500 ## - NOTA GENERAL | |
| Nota general | Precede al tít.: Miguel López-Muñiz Goñi. |
| 700 1# - ENTRADA AGREGADA--NOMBRE PERSONAL | |
| Nombre de persona | López-Muñiz Goñi, Miguel. |
| 9 (RLIN) | 73811 |
| 852 ## - LOCALIZACIÓN | |
| Ubicación | ES-MaACL |
| Número de control de estantería | C-12969 |
| Sublocalización o colección | R.41193 |
| Estatus retirado | Estado de pérdida | Estado de daño | No para préstamo | Biblioteca de origen | Biblioteca actual | Ubicación en estantería | Fecha de adquisición | Fuente de adquisición | Total de préstamos | Signatura topográfica completa | Código de barras | Visto por última vez | Precio de reemplazo | Tipo de ítem Koha |
|---|---|---|---|---|---|---|---|---|---|---|---|---|---|---|
| Biblioteca del Ateneo de Madrid | Biblioteca del Ateneo de Madrid | Sala Palomar | 17/01/2008 | C-12969 | 1106872 | 23/02/2023 | 23/02/2023 | Libro impreso |
